Magníficas mulheres : (Record no. 216)

MARC details
000 -LÍDER
Campo Fixo de Controle 00955cam a2200265 a 4500
001 - NÚMERO DE CONTROLE
Campo de Controle 216
003 - IDENTIFICAÇÃO DO NÚMERO DE CONTROLE
Campo de Controle BR-CuiBMT
005 - DATA E HORA DA ÚLTIMA ATUALIZAÇÃO
Campo de Controle 20231121202727.0
008 - DADOS FIXOS
Dados Fixos 230831s2020 mgba 000 0 por d
020 ## - INTERNATIONAL STANDARD BOOK NUMBER
Nº do ISBN 9786555184884
040 ## - AGÊNCIA CATALOGADORA
Código da Agência Catalogadora BR-CuiBMT
Agência que transcreveu o registro BR-CuiBMT
080 ## - Nº DA CLASSIFICAÇÃO DECIMAL UNIVERSAL
Nº edição CDU 2007
Nº Class. CDU 347.12
Subd. Auxiliar Comum -055.2
090 ## - NÚMERO DE CHAMADA
Nº classificação 347.12-055.2
Cutter M197
245 00 - TÍTULO PRINCIPAL
Título principal Magníficas mulheres :
Subtítulo lutando e conquistando direitos /
Indicação de responsabilidade Denise Pinheiro Santos Mendes, Giussepp Mendes, Jeferson Antonio Fernandes Bacelar, coordenadores ; prefácio Jorge Ulisses Jacoby Fernandes.
260 ## - PUBLICAÇÃO, DISTRIBUIÇÃO, ETC.
Local de publicação Belo Horizonte :
Editora Fórum,
Data 2023.
300 ## - DESCRIÇÃO FÍSICA
N. páginas ou volumes 413 p. :
Ilustrações il. ;
Dimensões 24 cm
504 ## - NOTA DE BIBLIOGRAFIA, ETC.
Nota de bibliografia Inclui bibliografia.
650 ## - ASSUNTO TÓPICO
Cabeçalho tópico ou nome geográfico Direito civil
Subdivisão geográfica Brasil
650 ## - ASSUNTO TÓPICO
Cabeçalho tópico ou nome geográfico Direito das mulheres
650 ## - ASSUNTO TÓPICO
Cabeçalho tópico ou nome geográfico Direitos fundamentais
Subdivisão geral Mulheres
700 1# - ENTRADA SECUNDÁRIA -- NOME PESSOAL
Nome pessoal Mendes, Denise Pinheiro Santos
Cód. do termo explicativo coord.
700 1# - ENTRADA SECUNDÁRIA -- NOME PESSOAL
Nome pessoal Mendes, Giussepp
Cód. do termo explicativo coord.
700 1# - ENTRADA SECUNDÁRIA -- NOME PESSOAL
Nome pessoal Bacelar, Jeferson Antonio Fernandes
Cód. do termo explicativo coord.
942 ## - ELEMENTOS DE ENTRADA ADICIONAIS (KOHA)
Fonte de classificação ou esquema de arquivamento Classificação Decimal Universal
Tipo de item do Koha Livros
Holdings
Estado: removido Estado: perdido Fonte de classificação ou esquema de arquivamento Estado: danificado Indisponível para empréstimo Localização permanente Localização atual Data de aquisição Total Checkouts Número de Chamada completo Código de barras Date last seen Número do exemplar Preço efetivo a partir de Tipo de item (Koha)
    Classificação Decimal Universal     Biblioteca da Escola Superior de Contas do TCE/MT Biblioteca da Escola Superior de Contas do TCE/MT 28/07/2023   347.12-055.2 M197 BIBTCEMT23080195 31/08/2023 Ex. 1 31/08/2023 Livros

Powered by Koha